Meghívó

Správa o tom, že 16.04.1904 Uhorská štátna vyššia reálka v Levoči usporiada koncert v mestskom hostinci.

Podrobná bibliografia
Médium: Článok
Jazyk:Hungarian
German
Témy:
Zdroj: 1. Szepesi Hirnök = Zipser Bote : A Szepesség érdekeit képviselő hetilap ; A szepesmegyei gazdasági egyesület közlönye ; A szepesi tanítóegyesület közlönye 1. Roč. 42, č.15 (9.4.1904), s 3.
LEADER 00985nab#a2200337#ar4500
001 000125821
003 SVKKK
005 20190307100133.0
008 180618d1904 xo |||||||||||||||b|hun
FMT
038 |a SVKKK 
040 |a SVKKK  |b slo  |e AACR2 
041 0 |a ger 
044 |a xo  |c SK 
080 |2 062.532  |2 2011 
242 1 0 |a Pozvánka 
245 1 0 |a Meghívó 
520 3 |a Správa o tom, že 16.04.1904 Uhorská štátna vyššia reálka v Levoči usporiada koncert v mestskom hostinci. 
650 |a spolky 
650 |a zhromaždenia 
651 4 |a Levoča (Slovensko) 
655 4 |a germaniká 
655 4 |a slovaciká 
655 4 |a hungariká 
773 0 |t Szepesi Hirnök = Zipser Bote : A Szepesség érdekeit képviselő hetilap ; A szepesmegyei gazdasági egyesület közlönye ; A szepesi tanítóegyesület közlönye  |g Roč. 42, č.15 (9.4.1904), s 3. 
958 |a SK 
974 |a szgv 
992 |a RBX 
BAS
852 |a SVKKK  |b BIB 
998 |a RETRO